01321naa a2200229 i 45000010005000000030009000050050017000140080039000310400026000700410008000960440008001040800017001121000135001292450174002646500031004386550030004697000129004997000157006287110084007857730091008697000131009608798KOSZ 00520180321094317.0141114s1993 pl f |100 0 pol cKOSZ 005dKOSZ 005/EG apol aPOL a621.791/.7951 aBORKOWSKI, Józef.d1975 - 1996.bWyższa Szkoła Inżynierska w Koszalinie - Wydział Mechaniczny,cZakład Technologii Maszyn10aTeoretyczne i doświadczalne podstawy przecinania materiałów wysokociśnieniową strugą hydrościerną /cJ. Borkowski, J. Chudy, A. Gawlik, A. Perec, W. Sieg. 0aObróbka wodno-ścierna. 0aMateriały konferencyjne.1 aCHUDY, Jerzy.d1989 - 1996.bWyższa Szkoła Inżynierska w Koszalinie - Wydział Mechaniczny,cZakład Technologii Maszyn1 aSIEG, Wiesław.d1989 - 1996.bWyższa Szkoła Inżynierska w Koszalinie - Wydział Mechaniczny, cZakład Sprzętu i Technologii Niekonwencjonalnych22aNaukowa Szkoła Obróbki Ściernejn(13 ;d1990 ;cWarszawa - Wilga, Polska).0 iW :tXIII Naukowa Szkoła Obróbki Ściernej. -dWarszawa - Wilga, 1990. -gs. 40-411 aPEREC, Andrzej.d1993 - 1996.bWyższa Szkoła Inżynierska w Koszalinie - Wydział Mechaniczny,cZakład Technologii Maszyn